000 00723nam a2200253Ia 4500
003 OSt
005 20220925183735.0
006 a|||||r|||| 00| 0
007 ta
008 220923b |||||||| |||| 00| 0 eng d
020 _a8122005179
037 _cGeneral Book
040 _aRTL
_cRTL
_beng
041 _2eng
_aeng
082 _aV2:19.N9, N7.1
100 _aMansingh Lalit Ed.
_9259244
245 0 _aIndian foreign policy
_b Agenda for the 21st century
260 _aDelhi
_bKonark Publication India
_c1997
300 _axii, 363p
_ccm.
490 _vV1
650 _aForeign Policy - India
942 _hV2:19.N9, N7.1
_cGB
_2CC
999 _c505716
_d505716